Wisconsin Football: Top 10 All-Time Leaders - Statistics

General Stats
  • This quiz has been taken 17 times
  • The average score is 13 of 66
Answer Stats
Category # Player Amount % Correct
Rushing Yards 2 Jonathan Taylor 6,174
82%
Rushing Yards 4 Melvin Gordon 4,915
82%
Tackles 8 Mike Taylor 377
73%
Rushing Yards 1 Ron Dayne 6,397
73%
Rushing Yards 9 Braelon Allen 3,493
64%
Rushing Yards 3 Montee Ball 5,140
64%
Passing Yards 4 Alex Hornibrook 5,438
55%
Rushing Yards 6 James White 4,015
55%
Receiving Yards 6 Al Toon 2,055
36%
Rushing Yards 5 Anthony Davis 4,676
36%
Passing Yards 1 Joel Stave 7,635
36%
Receiving Yards 4 Nick Toon 2,447
36%
Receiving Yards 3 Brandon Williams 2,924
18%
Tackles 6 Chris Borland 420
18%
Passing Yards 2 Darrell Bevell 7,429
18%
Passing Yards 6 Graham Mertz 5,405
18%
Receiving Yards 2 Jared Abbrederis 3,140
18%
Passing Yards 10 Jim Sorgi 4,475
18%
Rushing Yards 10 John Clay 3,413
18%
Passing Yards 3 John Stocco 7,227
18%
Receiving Yards 1 Lee Evans 3,382
18%
Sacks T7 Nick Herbig 21.0
18%
Tackles 1 Pete Monty 451
18%
Rushing Yards 7 P.J. Hill 3,942
18%
Passing Yards 7 Scott Tolzien 5,271
18%
Tackles 9 T.J. Edwards 367
18%
Interceptions T7 T.J. Edwards 10
18%
Receiving Yards 9 Alex Erickson 1,877
9%
Interceptions T9 Antonio Fenelus 9
9%
Rushing Yards 8 Billy Marek 3,709
9%
Passing Yards 5 Brooks Bollinger 5,406
9%
Interceptions T9 Craig Raddatz 9
9%
Tackles T4 Dave Crossen 427
9%
Interceptions T9 Dave Fronek 9
9%
Tackles T4 Dave Lokanc 427
9%
Interceptions T7 David Greenwood 10
9%
Sacks T7 Don Davey 21.0
9%
Interceptions T9 Eddie Fletcher 9
9%
Sacks 10 Erasmus James 18.0
9%
Tackles 2 Gary Casper 447
9%
Interceptions T1 Jamar Fletcher 21
9%
Interceptions T3 Jeff Messenger 18
9%
Interceptions T1 Jim Leonhard 21
9%
Tackles 7 Jim Melka 399
9%
Sacks 6 John Favret 22.0
9%
Interceptions T9 John Torchio 9
9%
Receiving Yards 10 Jonathan Orr 1,824
9%
Tackles 10 Ken Criter 364
9%
Receiving Yards 7 Lee DeRamus 1,974
9%
Interceptions 6 Mike Echols 12
9%
Passing Yards 8 Mike Samuel 4,735
9%
Sacks 3 Mike Thompson 28.0
9%
Interceptions T9 Nate Odomes 9
9%
Interceptions T3 Neovia Greyer 18
9%
Passing Yards 9 Randy Wright 4,697
9%
Interceptions 5 Scott Nelson 14
9%
Interceptions T9 Shane Carter 9
9%
Interceptions T9 Sojourn Shelton 9
9%
Sacks 1 Tarek Saleh 33.0
9%
Sacks 4 Tim Jordan 27.0
9%
Tackles 3 Tim Krumrie 444
9%
Sacks 2 Tom Burke 32.0
9%
Receiving Yards 8 Tony Simmons 1,923
9%
Receiving Yards 5 Travis Beckum 2,419
9%
Sacks 9 Vince Biegel 20.5
9%
Sacks 5 Wendell Bryant 24.0
9%
No matching quizzes found
Score Distribution
Percent of People with Each Score
Percentile by Number Answered
Your Score History
You have not taken this quiz